NCIS - Les règles de Gibbs - Statistiques

Statistiques générales
  • Ce quiz a été pris 230 fois
  • Le résultat moyen est 3 sur 43
Statistiques - réponses
Hint Réponse % Correct
Ne jamais sortir sans son couteau. #09
35%
Ne jamais trahir son équipier. #01 bis
27%
Ne jamais laisser deux suspects ensemble. #01
26%
Les coïncidences, ça n'existe pas. #39
17%
Ne jamais sortir avec un(e) collègue. #12
16%
Quand tu décides de partir, ne regarde pas en arrière. #91
16%
Toujours porter des gants sur le lieu d'un crime. #02
11%
Ne jamais dire à Gibbs qu'on est inspectés. #99
11%
Ne jamais rien prendre pour acquis. #08
10%
Ne jamais s'impliquer personnellement dans une affaire. #10
10%
Quand tu as besoin d'aide, demande. #28
10%
Il t'arrive parfois de te tromper. #51
9%
Ne jamais être injoignable. #03 bis
8%
Toujours être précis quand on ment. #07
8%
La meilleure façon de garder un secret, c'est de le garder pour soi-même. La deuxième meilleure, c'est de le dire à une autre personne, uniquement si tu y es obligé. Il n'y a pas de troisième meilleure. #04
7%
Frôle la limite, ne la franchis pas. #14
7%
Ne jamais, jamais déranger Gibbs en salle d'interrogatoire. #22
7%
Ne croyez pas ce que l'on vous dit. Vérifiez tout. #03
6%
Ne jamais vous excuser. C'est un signe de faiblesse. #06
6%
Quand le boulot est fini, va-t’en. #11
6%
Ne jamais impliquer d'avocats dans une affaire. #13
6%
Il y a deux s pour une filature : primo, ils ne vous remarquent pas, deuzio, ils ne remarquent que vous. #27
5%
Toujours observer les observateurs. #35
5%
Ne jamais faire confiance à une femme qui ne fait pas confiance à son mari. #69
5%
Ne jamais rencontrer ses héros. #73
5%
Ne jamais supposer. #08 bis
4%
Si vous sentez qu'on vous mène en bateau, vous l'êtes probablement. #36
4%
Si tu crois qu'on cherche à t'avoir, c'est le cas. #40
4%
Il faut nettoyer la pagaille que l'on a semée. #45
4%
On creuse jusqu'à toucher le fond. #70
4%
Si quelqu'un pense avoir la mainmise, brise-la-lui. #16
3%
Ne jamais frapper un Marine. #17
3%
Toujours regarder en dessous. #20
3%
Ne jamais toucher le café d'un Marine, si tu tiens à la vie. #23
3%
Sur ton affaire, c'est toi qui diriges. #38
3%
Mettre sa famille en sécurité (lorsqu'on la sent menacée). #44
3%
Ne pas presser une personne sortant d'un ascenseur. #62
3%
Il vaut mieux chercher le pardon que demander la permission. #18
2%
Ne jamais laisser quelqu'un vous manipuler. #26
2%
Ne pas gâcher le talent. #05
1%
Les s sont faites pour être enfreintes. #13 bis
1%
Toujours travailler en équipe. #15
1%
Ne jamais accepter d'excuses de la part de quelqu'un qui vous a trahi. #42
1%
Aucun quiz correspondant
Distribution des résultats
% des personnes avec chaque résultat
Percentile par nombre de réponses
Votre historique - résultats
Vous n’avez pas pris ce quiz